=LDR 00000nam 2200000 4500 =001 INLIS000000000006299 =005 20130612094440 =008 ***********************************Ind** =035 ##$$0010-061300000006299 =041 ##$$a Ind =082 ##$$a 746.662 =090 ##$$a 746.662, Yan s =100 ##$$a Yani, Linda =245 ##$$a Seni batik yang menarik, Linda Yani =260 ##$$a 1992 $b Jakarta =300 ##$$a 96 hlm, ilus, 21 cm =650 ##$$a Batik =850 ##$$a NBPNMAT